000 00531cam a22001337a 4500
999 _c504036
_d504036
008 180718b2011 xxu||||| |||| 00| 0 eng d
082 _aT2x5451 Al41
100 _aAlivelu, G.
_911485
245 _a Enhancing the performance of resistered manufacturing sector through investment climate indicators in Andhra Pradesh
_cby G.Alivelu
260 _aHyderabad
_bCentre for economic and social studies
_c2011
300 _a26p.
650 _aManufacturing industries -- Government policy -- India -- Andhra Pradesh.
_911486
942 _2ddc